[Event "4th GRENKE Open 2019"]
[Site "Karlsruhe"]
[Date "2019.04.18"]
[Round "1.28"]
[White "Maltezeanu, Stefan"]
[Black "Donchenko, Alexander"]
[Result "0-1"]
[WhiteElo "2132"]
[BlackElo "2584"]
[Annotator "ChessBase"]
[PlyCount "82"]
[EventDate "2019.04.18"]
[EventType "swiss"]
[EventCountry "GER"]
[SourceTitle "playchess.com"]
[Source "ChessBase"]
[SourceQuality "1"]

1. e4 c5 2. Nf3 d6 3. Bb5+ Nd7 4. d4 cxd4 5. Qxd4 a6 6. Bxd7+ Bxd7 7. Nc3 e6 8. Bg5 f6 9. Bh4 Nh6 10. O-O-O Be7 11. Bg3 Nf7 12. Nd2 Rc8 13. f4 Qc7 14. Nf3 Qa5 15. Kb1 O-O 16. Bf2 b5 17. Nd2 Rb8 18. g4 b4 19. Ne2 e5 20. Qe3 Bxg4 21. Rdg1 Bxe2 22. Qxe2 exf4 23. Qg4 g6 24. Qxf4 Rbc8 25. Nb3 Qe5 26. Qd2 Ng5 27. Qxb4 d5 28. Qb7 Nxe4 29. Bg3 Nxg3 30. hxg3 Qd6 31. Rd1 Rfd8 32. Qa7 f5 33. Qe3 Bf6 34. Nd4 Re8 35. Qd3 Re4 36. Ne2 Qe5 37. Nc3 Rb8 38. Kc1 Re3 39. Qxd5+ Qxd5 40. Rxd5 Bg5 41. Kd1 Rxc3 0-1

[Event "4th GRENKE Open 2019"]
[Site "Karlsruhe"]
[Date "2019.04.18"]
[Round "1.29"]
[White "Buhmann, Rainer"]
[Black "Siddharth, Jagadeesh"]
[Result "0-1"]
[WhiteElo "2581"]
[BlackElo "2132"]
[Annotator "ChessBase"]
[PlyCount "78"]
[EventDate "2019.04.18"]
[EventType "swiss"]
[EventCountry "GER"]
[SourceTitle "playchess.com"]
[Source "ChessBase"]
[SourceQuality "1"]

1. Nf3 Nf6 2. c4 e6 3. Nc3 d5 4. d4 Bb4 5. e3 O-O 6. Bd2 b6 7. cxd5 exd5 8. Rc1 Be7 9. Bd3 Bb7 10. O-O c5 11. Ne5 Nc6 12. Be1 Re8 13. Bb5 Qd6 14. f4 a6 15. Ba4 cxd4 16. exd4 b5 17. Bc2 Bd8 18. Kh1 Bb6 19. Bf2 Rad8 20. Bb1 Ne7 21. Bh4 Ne4 22. Qh5 g6 23. Qd1 Qb4 24. Ne2 Qxb2 25. f5 Nxf5 26. Bxd8 Rxd8 27. Nd3 Qxe2 28. Qxe2 Neg3+ 29. hxg3 Nxg3+ 30. Kh2 Nxe2 31. Rce1 Bc7+ 32. Ne5 Nxd4 33. Kh3 Bc8+ 34. g4 Be6 35. Kh4 Kg7 36. Nxf7 Rf8 37. Ng5 Bd8 38. Rxf8 Kxf8 39. Rf1+ Kg7 0-1

[Event "4th GRENKE Open 2019"]
[Site "Karlsruhe"]
[Date "2019.04.18"]
[Round "1.30"]
[White "Zoldan, Matteo"]
[Black "Goganov, Aleksey"]
[Result "0-1"]
[WhiteElo "2130"]
[BlackElo "2580"]
[Annotator "ChessBase"]
[PlyCount "120"]
[EventDate "2019.04.18"]
[EventType "swiss"]
[EventCountry "GER"]
[SourceTitle "playchess.com"]
[Source "ChessBase"]
[SourceQuality "1"]

1. e4 c5 2. Nf3 d6 3. d4 cxd4 4. Nxd4 Nf6 5. Nc3 a6 6. f3 e5 7. Nb3 Be6 8. Be3 Nbd7 9. g4 Be7 10. Qd2 O-O 11. O-O-O b5 12. g5 b4 13. gxf6 bxc3 14. Qxc3 Nxf6 15. Na5 Rc8 16. Nc6 Qe8 17. Nxe7+ Qxe7 18. Qa5 Rc6 19. Rg1 Rfc8 20. c3 Kh8 21. Rd2 Nh5 22. Kb1 h6 23. Bd3 Qf6 24. Rf2 Nf4 25. Rd1 Nxd3 26. Rxd3 Qg6 27. Kc1 d5 28. Rd1 dxe4 29. Qxe5 exf3 30. Rxf3 f6 31. Rg3 Qh7 32. Qa5 Qe4 33. Rd4 Qh1+ 34. Bg1 Bg8 35. Qh5 Re6 36. Qg6 Re1+ 37. Kd2 Re7 38. Qf5 Rce8 39. Qg4 Bxa2 40. Rd7 Qc6 41. Rxe7 Rxe7 42. Bd4 Bg8 43. Re3 Rb7 44. b4 a5 45. Qe4 Qxe4 46. Rxe4 axb4 47. cxb4 Rxb4 48. Ke3 Rb3+ 49. Kf2 Bd5 50. Re7 Rf3+ 51. Kg1 Kg8 52. Bc5 h5 53. Rd7 Be6 54. Re7 Bh3 55. Bf2 Rb3 56. Re3 Rb1+ 57. Re1 Rb7 58. Re3 Bf5 59. h4 Kf7 60. Ra3 Rb1+ 0-1

[Event "4th GRENKE Open 2019"]
[Site "Karlsruhe"]
[Date "2019.04.18"]
[Round "1.31"]
[White "Lopez Martinez, Josep Manuel"]
[Black "Asadzade, Idris"]
[Result "1-0"]
[WhiteElo "2578"]
[BlackElo "2130"]
[Annotator "TA"]
[PlyCount "79"]
[EventDate "2019.04.18"]
[EventType "swiss"]
[EventCountry "GER"]
[SourceTitle "playchess.com"]
[Source "ChessBase"]
[SourceQuality "1"]

1. d4 Nf6 2. c4 e6 3. Nf3 c5 4. d5 b5 5. e4 Nxe4 6. Bd3 Nf6 7. O-O Bb7 8. Re1 Be7 9. Nc3 exd5 10. cxd5 Nxd5 11. Nxb5 Qb6 12. Bc4 a6 13. Bxd5 Qxb5 14. a4 Qb4 15. Bd2 Qb6 16. Qe2 O-O 17. Bxb7 Qxb7 18. Qxe7 Nc6 19. Qxc5 Qxb2 20. h3 Rab8 21. Bc3 Qc2 22. Nd4 Nxd4 23. Qxd4 f6 24. Rac1 Qf5 25. Qg4 Qxg4 26. hxg4 Kf7 27. Rcd1 Rb7 28. a5 Rc8 29. Bd4 Rb5 30. Bb6 d5 31. Rd2 Rc4 32. f3 Rf4 33. Rde2 Kg6 34. Re7 Rc4 35. Rd7 Rc2 36. Ree7 Kg5 37. Kh2 Rbb2 38. Kh3 f5 39. f4+ Kh6 40. Re6+ 1-0

[Event "4th GRENKE Open 2019"]
[Site "Karlsruhe"]
[Date "2019.04.18"]
[Round "1.32"]
[White "Bentel, Robin"]
[Black "Schroeder, Jan-Christian"]
[Result "0-1"]
[WhiteElo "2130"]
[BlackElo "2577"]
[Annotator "ChessBase"]
[PlyCount "98"]
[EventDate "2019.04.18"]
[EventType "swiss"]
[EventCountry "GER"]
[SourceTitle "playchess.com"]
[Source "ChessBase"]
[SourceQuality "1"]

1. d4 d5 2. c4 e6 3. Nf3 Nf6 4. g3 Bb4+ 5. Bd2 Bd6 6. Bg2 O-O 7. O-O Nbd7 8. Qc2 c6 9. b3 Ne4 10. Be3 f5 11. Nfd2 Ndf6 12. f3 Nxd2 13. Nxd2 e5 14. dxe5 Bxe5 15. Rab1 d4 16. Bf2 f4 17. g4 c5 18. b4 b6 19. Ne4 Nd7 20. h4 Qc7 21. g5 Bb7 22. Bh3 cxb4 23. Rxb4 Rae8 24. c5 Bxe4 25. Qxe4 Nxc5 26. Qc2 Rd8 27. Rd1 Rd6 28. Kg2 Rfd8 29. Bf5 g6 30. Bd3 Qe7 31. Bb5 Bg7 32. Rbb1 Kh8 33. Rd2 Qe5 34. Rbd1 Qe6 35. Bc4 Qe8 36. Bb3 a5 37. Qb1 b5 38. Bc2 b4 39. Kh2 Rb8 40. Kg2 a4 41. Qc1 Rc8 42. Rxd4 Rxd4 43. Rxd4 b3 44. Be4 bxa2 45. Qd1 Nb3 46. Bc6 Qxc6 47. Rd8+ Qe8 48. Rxe8+ Rxe8 49. Qd7 Rg8 0-1

[Event "4th GRENKE Open 2019"]
[Site "Karlsruhe"]
[Date "2019.04.18"]
[Round "1.33"]
[White "Wagner, Dennis"]
[Black "Nichols, Marc"]
[Result "1-0"]
[WhiteElo "2577"]
[BlackElo "2130"]
[Annotator "ChessBase"]
[PlyCount "75"]
[EventDate "2019.04.18"]
[EventType "swiss"]
[EventCountry "GER"]
[SourceTitle "playchess.com"]
[Source "ChessBase"]
[SourceQuality "1"]

1. d4 d6 2. e4 Nf6 3. Nc3 g6 4. Be3 Bg7 5. Qd2 c6 6. Bh6 Bxh6 7. Qxh6 e5 8. Nf3 Qe7 9. O-O-O a6 10. h3 b5 11. g4 Nbd7 12. Qe3 Bb7 13. Bg2 O-O 14. dxe5 dxe5 15. Ne2 a5 16. Ng3 Kh8 17. g5 Ng8 18. h4 b4 19. h5 Rfe8 20. Nh4 Nf8 21. hxg6 fxg6 22. Ngf5 gxf5 23. exf5 Nf6 24. Ng6+ Nxg6 25. gxf6 Qxf6 26. fxg6 Re7 27. Rxh7+ Rxh7 28. gxh7 Qf4 29. Qxf4 exf4 30. Rd7 Rb8 31. Rf7 Ba8 32. Ra7 Re8 33. Kd2 Rd8+ 34. Ke2 Re8+ 35. Kd3 Rb8 36. Be4 Rd8+ 37. Kc4 Re8 38. f3 1-0

[Event "4th GRENKE Open 2019"]
[Site "Karlsruhe"]
[Date "2019.04.18"]
[Round "1.34"]
[White "Vogel, Constantin"]
[Black "Kollars, Dmitrij"]
[Result "0-1"]
[WhiteElo "2130"]
[BlackElo "2570"]
[Annotator "ChessBase"]
[PlyCount "56"]
[EventDate "2019.04.18"]
[EventType "swiss"]
[EventCountry "GER"]
[SourceTitle "playchess.com"]
[Source "ChessBase"]
[SourceQuality "1"]

1. c4 e5 2. Nc3 Bb4 3. g3 Bxc3 4. bxc3 Nc6 5. Bg2 d6 6. d3 Nge7 7. Nf3 O-O 8. O-O h6 9. c5 d5 10. d4 e4 11. Ne1 Be6 12. f3 exf3 13. exf3 Qd7 14. Rf2 Na5 15. Nd3 Nc4 16. Nb2 b6 17. Nxc4 dxc4 18. Ba3 Rfe8 19. f4 Bd5 20. cxb6 Bxg2 21. Kxg2 Nd5 22. Bc1 axb6 23. Qf3 Re1 24. Rf1 Rae8 25. Rxe1 Rxe1 26. Bb2 Re3 27. Qf2 Qe6 28. Kf1 Qe4 0-1

[Event "4th GRENKE Open 2019"]
[Site "Karlsruhe"]
[Date "2019.04.18"]
[Round "1.35"]
[White "Gareyev, Timur"]
[Black "Hoffmann, Achim Gunter"]
[Result "1-0"]
[WhiteElo "2560"]
[BlackElo "2129"]
[Annotator "ChessBase"]
[PlyCount "53"]
[EventDate "2019.04.18"]
[EventType "swiss"]
[EventCountry "GER"]
[SourceTitle "playchess.com"]
[Source "ChessBase"]
[SourceQuality "1"]

1. d4 e6 2. c4 Nf6 3. Nc3 Bb4 4. Nf3 O-O 5. Bg5 d5 6. e3 Nbd7 7. cxd5 exd5 8. Bd3 c5 9. O-O Qa5 10. Nxd5 Nxd5 11. a3 cxd4 12. axb4 Qb6 13. b5 h6 14. Bh4 dxe3 15. Bc4 Nf4 16. Qb3 exf2+ 17. Bxf2 Qg6 18. Nh4 Qg4 19. Bg3 Ne6 20. h3 Qd4+ 21. Bf2 Qf6 22. Rae1 Ndc5 23. Bxc5 Nxc5 24. Rxf6 Nxb3 25. Bxf7+ Rxf7 26. Re8+ Kh7 27. Rxf7 1-0

[Event "4th GRENKE Open 2019"]
[Site "Karlsruhe"]
[Date "2019.04.18"]
[Round "1.36"]
[White "Dette, Jan"]
[Black "Neiksans, Arturs"]
[Result "0-1"]
[WhiteElo "2128"]
[BlackElo "2559"]
[Annotator "ChessBase"]
[PlyCount "60"]
[EventDate "2019.04.18"]
[EventType "swiss"]
[EventCountry "GER"]
[SourceTitle "playchess.com"]
[Source "ChessBase"]
[SourceQuality "1"]

1. f4 d5 2. Nf3 g6 3. g3 Bg7 4. Bg2 Nh6 5. d3 d4 6. c4 Nf5 7. Na3 a5 8. Nc2 Nc6 9. g4 Nd6 10. h3 h5 11. c5 hxg4 12. hxg4 Rxh1+ 13. Bxh1 Nb5 14. a4 Nba7 15. Ng5 f6 16. Ne4 Bxg4 17. Na3 Be6 18. Nb5 Kf7 19. Nf2 Qd7 20. Bd2 Rh8 21. Bf3 Nc8 22. Qc2 f5 23. O-O-O Rh2 24. Rf1 Bf6 25. Nd1 Kg7 26. b3 Bd5 27. Bxd5 Qxd5 28. Be1 Qg2 29. Rf2 Qg1 30. Qd2 Rh1 0-1

[Event "4th GRENKE Open 2019"]
[Site "Karlsruhe"]
[Date "2019.04.19"]
[Round "1.37"]
[White "Werle, Jan"]
[Black "Giesinger, Elias"]
[Result "1-0"]
[WhiteElo "2556"]
[BlackElo "2128"]
[Annotator "TA"]
[PlyCount "137"]
[EventDate "2019.04.18"]
[EventType "swiss"]
[EventCountry "GER"]
[SourceTitle "playchess.com"]
[Source "ChessBase"]
[SourceQuality "1"]

1. d4 Nf6 2. c4 e6 3. Nf3 d5 4. Nc3 a6 5. cxd5 exd5 6. Bf4 c5 7. e3 Nc6 8. Be2 Be7 9. O-O O-O 10. Ne5 cxd4 11. exd4 Bf5 12. Nxc6 bxc6 13. Rc1 c5 14. Bf3 c4 15. Re1 Re8 16. Be5 Be6 17. Bxf6 Bxf6 18. Nxd5 Bxd5 19. Rxe8+ Qxe8 20. Bxd5 Rd8 21. Bxc4 Bxd4 22. Qc2 a5 23. g3 g6 24. Rd1 Kg7 25. b3 Qe5 26. Kg2 Rd6 27. Rd2 Rf6 28. Re2 Qc5 29. Bd3 Qb6 30. Be4 Re6 31. Rd2 Rf6 32. Bf3 Rd6 33. Qe4 Bf6 34. Rc2 Re6 35. Qb7 Qxb7 36. Bxb7 Bd4 37. Kf1 Bb6 38. a3 Re7 39. Bc6 Re5 40. b4 axb4 41. axb4 Re7 42. Rd2 Kf6 43. Bf3 Ke6 44. Bd5+ Kf6 45. Bb3 Rb7 46. b5 Bc5 47. Bc4 Ke7 48. Re2+ Kf6 49. Rc2 Rc7 50. Ke2 Bb6 51. h3 h6 52. Kd3 Ke5 53. Re2+ Kd6 54. Kc3 Ra7 55. Rd2+ Ke7 56. Kb3 Rd7 57. Re2+ Kd6 58. g4 g5 59. Rc2 Rc7 60. Rd2+ Ke7 61. Rd3 f6 62. Rd2 Rc5 63. Ra2 Kd6 64. Ra8 Re5 65. Rf8 Kc7 66. Rf7+ Kc8 67. Rxf6 Bd4 68. Rf8+ Kc7 69. Bd3 1-0

[Event "4th GRENKE Open 2019"]
[Site "Karlsruhe"]
[Date "2019.04.18"]
[Round "1.39"]
[White "Pavlidis, Antonios"]
[Black "Raka, Ramadan"]
[Result "1-0"]
[WhiteElo "2537"]
[BlackElo "2128"]
[Annotator "ChessBase"]
[PlyCount "71"]
[EventDate "2019.04.18"]
[EventType "swiss"]
[EventCountry "GER"]
[SourceTitle "playchess.com"]
[Source "ChessBase"]
[SourceQuality "1"]

1. e4 e6 2. d4 d5 3. Nc3 Nf6 4. e5 Nfd7 5. Nce2 c5 6. c3 Nc6 7. Nf3 a6 8. a3 c4 9. Nf4 Ne7 10. h4 h6 11. h5 b5 12. g4 Nc6 13. Qc2 Nb6 14. Rg1 Kd7 15. g5 Kc7 16. Bh3 hxg5 17. Nxg5 Qe8 18. Nh7 Bd7 19. Be3 a5 20. Ke2 b4 21. Nxf8 Qxf8 22. Rg3 bxa3 23. Rxa3 a4 24. Ra1 Qg8 25. Rag1 Rh7 26. h6 g6 27. Nxg6 fxg6 28. Rxg6 Qh8 29. Bxe6 Re7 30. Bxd7 Nxd7 31. Rg7 Rxg7 32. Rxg7 Qe8 33. Qf5 Nd8 34. h7 Qe6 35. Qxe6 Nxe6 36. Rg8 1-0

[Event "4th GRENKE Open 2019"]
[Site "Karlsruhe"]
[Date "2019.04.18"]
[Round "1.40"]
[White "Romfeld, Michael"]
[Black "Noe, Christopher"]
[Result "0-1"]
[WhiteElo "2128"]
[BlackElo "2537"]
[Annotator "ChessBase"]
[PlyCount "66"]
[EventDate "2019.04.18"]
[EventType "swiss"]
[EventCountry "GER"]
[SourceTitle "playchess.com"]
[Source "ChessBase"]
[SourceQuality "1"]

1. e4 e5 2. Nf3 Nc6 3. Bc4 Bc5 4. Nc3 Nf6 5. d3 d6 6. Bg5 h6 7. Bxf6 Qxf6 8. Nd5 Qd8 9. a3 a6 10. c3 O-O 11. b4 Ba7 12. h3 Kh8 13. Qe2 f5 14. Ne3 a5 15. exf5 Bxe3 16. fxe3 axb4 17. e4 bxc3 18. O-O Nd4 19. Nxd4 exd4 20. Rf4 Bd7 21. Qf2 Qf6 22. Kh1 b5 23. Bd5 c6 24. Bb3 c5 25. h4 c4 26. dxc4 d3 27. cxb5 c2 28. Rf1 Rxa3 29. Be6 Bxe6 30. fxe6 Qxf4 31. e7 Qxf2 32. Rxf2 c1=Q+ 33. Kh2 Rg8 0-1

[Event "4th GRENKE Open 2019"]
[Site "Karlsruhe"]
[Date "2019.04.18"]
[Round "1.42"]
[White "Haerig, Wilfried"]
[Black "Annaberdiev, Meilis"]
[Result "0-1"]
[WhiteElo "2127"]
[BlackElo "2525"]
[Annotator "ChessBase"]
[PlyCount "94"]
[EventDate "2019.04.18"]
[EventType "swiss"]
[EventCountry "GER"]
[SourceTitle "playchess.com"]
[Source "ChessBase"]
[SourceQuality "1"]

1. e4 c5 2. Nf3 e6 3. d4 cxd4 4. Nxd4 a6 5. Nc3 b5 6. Be3 Bb7 7. f3 Qc7 8. Qd2 Nf6 9. g4 b4 10. Na4 d5 11. g5 Nfd7 12. exd5 Bxd5 13. Bg2 Nc6 14. f4 Nxd4 15. Bxd4 Bxg2 16. Qxg2 Rc8 17. O-O-O Qc6 18. Qxc6 Rxc6 19. Rhf1 h6 20. h4 hxg5 21. hxg5 Rh2 22. Rd2 Rxd2 23. Kxd2 e5 24. fxe5 Be7 25. Rg1 Re6 26. g6 Nxe5 27. Bxe5 Rxe5 28. gxf7+ Kxf7 29. c4 Rf5 30. Kd3 g5 31. Rg2 a5 32. Nb6 Kg6 33. Ke4 Bf6 34. b3 Re5+ 35. Kd3 Be7 36. Kd4 Re1 37. Nd5 Bd6 38. c5 Rd1+ 39. Ke4 Bxc5 40. Nf4+ Kf6 41. Nd5+ Ke6 42. Rxg5 Rd4+ 43. Kf3 Rxd5 44. Rg2 Rf5+ 45. Ke2 Kd5 46. Ke1 Bd4 47. Re2 Rf2 0-1

[Event "4th GRENKE Open 2019"]
[Site "Karlsruhe"]
[Date "2019.04.18"]
[Round "1.43"]
[White "Kunin, Vitaly"]
[Black "Germer, Philipp"]
[Result "1-0"]
[WhiteElo "2520"]
[BlackElo "2126"]
[Annotator "TA"]
[PlyCount "57"]
[EventDate "2019.04.18"]
[EventType "swiss"]
[EventCountry "GER"]
[SourceTitle "playchess.com"]
[Source "ChessBase"]
[SourceQuality "1"]

1. d4 Nf6 2. c4 e6 3. Nf3 d5 4. e3 Be7 5. b3 b6 6. Bd3 Bb7 7. O-O Ne4 8. Bb2 Nd7 9. Nbd2 f5 10. Qe2 O-O 11. cxd5 exd5 12. Ba6 Bxa6 13. Qxa6 Bd6 14. Qb5 Ndf6 15. Nxe4 fxe4 16. Ne5 Qe8 17. Qxe8 Raxe8 18. Rac1 c5 19. Nc6 Re6 20. h3 a6 21. dxc5 bxc5 22. Rfd1 d4 23. exd4 Bf4 24. Rxc5 e3 25. d5 exf2+ 26. Kf1 Ne4 27. dxe6 Be3 28. Ne7+ Kh8 29. Nf5 1-0

[Event "4th GRENKE Open 2019"]
[Site "Karlsruhe"]
[Date "2019.04.18"]
[Round "1.44"]
[White "Groffen, Hans"]
[Black "Dann, Matthias"]
[Result "0-1"]
[WhiteElo "2126"]
[BlackElo "2520"]
[Annotator "ChessBase"]
[PlyCount "96"]
[EventDate "2019.04.18"]
[EventType "swiss"]
[EventCountry "GER"]
[SourceTitle "playchess.com"]
[Source "ChessBase"]
[SourceQuality "1"]

1. d4 Nf6 2. c4 g6 3. Nc3 Bg7 4. e4 O-O 5. Be3 d6 6. f3 a6 7. g4 Nbd7 8. Qd2 c5 9. Nge2 Qa5 10. g5 Nh5 11. Rd1 e6 12. a3 f5 13. exf5 gxf5 14. f4 b5 15. Bg2 Rb8 16. Bf3 Bb7 17. d5 Bxc3 18. Qxc3 Qxc3+ 19. Nxc3 Ng7 20. cxb5 axb5 21. Nxb5 Bxd5 22. Bxd5 exd5 23. Nxd6 d4 24. Bc1 Nb6 25. b4 cxb4 26. axb4 Ne6 27. O-O Rbd8 28. Nb7 Rd5 29. Rfe1 Kf7 30. Nc5 Nxc5 31. bxc5 Na4 32. Re5 Rxe5 33. fxe5 Nc3 34. Rd2 Ke6 35. Bb2 Rc8 36. Kg2 Kxe5 37. Kf3 Rxc5 38. h4 Rb5 39. h5 Rb3 40. Kg2 Ne4 41. Bxd4+ Kf4 42. Rc2 Kxg5 43. Rc7 h6 44. Rf7 Rg3+ 45. Kf1 Rd3 46. Be5 Rd5 47. Rg7+ Kxh5 48. Bf4 Ng5 0-1

[Event "4th GRENKE Open 2019"]
[Site "Karlsruhe"]
[Date "2019.04.18"]
[Round "1.45"]
[White "Shyam, Sundar M."]
[Black "Meier, Lukas"]
[Result "1-0"]
[WhiteElo "2519"]
[BlackElo "2126"]
[Annotator "ChessBase"]
[PlyCount "53"]
[EventDate "2019.04.18"]
[EventType "swiss"]
[EventCountry "GER"]
[SourceTitle "playchess.com"]
[Source "ChessBase"]
[SourceQuality "1"]

1. e4 d6 2. d4 Nf6 3. Nc3 Nbd7 4. Nf3 e5 5. Bc4 Be7 6. a4 c6 7. O-O Qc7 8. Re1 h6 9. a5 Nf8 10. Nh4 g6 11. h3 N6h7 12. Nf3 g5 13. a6 b5 14. Bxb5 cxb5 15. dxe5 dxe5 16. Qd5 Qb8 17. Nxe5 Be6 18. Qc6+ Nd7 19. Nxb5 Qxe5 20. Qxa8+ Nb8 21. Qb7 Kf8 22. Be3 Nf6 23. Bd4 Qf4 24. g3 Qf3 25. Re3 Qh5 26. Qxb8+ Kg7 27. Qxa7 1-0

[Event "4th GRENKE Open 2019"]
[Site "Karlsruhe"]
[Date "2019.04.18"]
[Round "1.46"]
[White "van der Valk, Niklas"]
[Black "Basso, Pier Luigi"]
[Result "0-1"]
[WhiteElo "2126"]
[BlackElo "2516"]
[Annotator "TA"]
[PlyCount "84"]
[EventDate "2019.04.18"]
[EventType "swiss"]
[EventCountry "GER"]
[SourceTitle "playchess.com"]
[Source "ChessBase"]
[SourceQuality "1"]

1. c4 c6 2. g3 d5 3. Nf3 Nf6 4. Bg2 dxc4 5. Na3 e5 6. Nxc4 e4 7. Ng5 Bc5 8. Qc2 Bf5 9. Nxe4 Bxe4 10. Bxe4 Qd4 11. Bf3 Qxf2+ 12. Kd1 O-O 13. b3 Bd4 14. Nb2 Bb6 15. Nd3 Qd4 16. Bb2 Qd6 17. a4 Re8 18. a5 Bd4 19. Bxd4 Qxd4 20. Ra4 Qd8 21. Rf1 Nbd7 22. Ke1 Ne5 23. Nxe5 Rxe5 24. a6 b5 25. Ra1 Rc8 26. Kf2 c5 27. Kg2 Qd6 28. e3 Rd8 29. Rf2 h5 30. Ra2 h4 31. gxh4 g6 32. Kh1 Rf5 33. Ra1 Ng4 34. Rg2 Rxf3 35. Rxg4 Rf2 36. Rg2 Qc6 37. e4 Rdxd2 38. Qxd2 Rxd2 39. Rxd2 Qxe4+ 40. Kg1 Qe3+ 41. Rf2 Qxb3 42. Raf1 Qd5 0-1

[Event "4th GRENKE Open 2019"]
[Site "Karlsruhe"]
[Date "2019.04.18"]
[Round "1.47"]
[White "Nasuta, Grzegorz"]
[Black "Weber, Samuel"]
[Result "1-0"]
[WhiteElo "2516"]
[BlackElo "2126"]
[Annotator "TA"]
[PlyCount "87"]
[EventDate "2019.04.18"]
[EventType "swiss"]
[EventCountry "GER"]
[SourceTitle "playchess.com"]
[Source "ChessBase"]
[SourceQuality "1"]

1. e4 e5 2. Nf3 Nc6 3. Bc4 Bc5 4. c3 Nf6 5. d3 a6 6. O-O O-O 7. d4 Be7 8. dxe5 Nxe4 9. Be3 d6 10. Qc2 d5 11. Rd1 Be6 12. Bd3 Bf5 13. Nbd2 Nxd2 14. Rxd2 Bxd3 15. Qxd3 Re8 16. Qxd5 Qxd5 17. Rxd5 Rad8 18. Rad1 Rxd5 19. Rxd5 Rd8 20. Rxd8+ Bxd8 21. Kf1 Kf8 22. Ke2 Ke7 23. Kd3 Ke6 24. Ke4 h5 25. Bg5 Be7 26. Bxe7 Kxe7 27. Nd4 Nb8 28. Nf5+ Kf8 29. Ne3 Nd7 30. Kd4 g6 31. Nd5 c6 32. Nf6 Nb6 33. Ne4 Nd5 34. Nc5 b6 35. Nxa6 Ke8 36. Ke4 Kd7 37. Nb4 Nc7 38. Nd3 Ne6 39. f4 Ng7 40. g3 Nf5 41. a4 Ne7 42. b4 Nd5 43. Kd4 Kc7 44. h3 1-0

[Event "4th GRENKE Open 2019"]
[Site "Karlsruhe"]
[Date "2019.04.19"]
[Round "1.48"]
[White "Baudot, Denis"]
[Black "Admiraal, Miguoel"]
[Result "0-1"]
[WhiteElo "2124"]
[BlackElo "2516"]
[Annotator "TA"]
[PlyCount "90"]
[EventDate "2019.04.18"]
[EventType "swiss"]
[EventCountry "GER"]
[SourceTitle "playchess.com"]
[Source "ChessBase"]
[SourceQuality "1"]

1. d4 e6 2. Nf3 c5 3. e3 Nf6 4. Bd3 Nc6 5. O-O d5 6. b3 b6 7. Bb2 Bb7 8. Nbd2 Be7 9. Ne5 O-O 10. a3 Bd6 11. f4 Ne7 12. Qe2 Rc8 13. Rad1 Rc7 14. c4 cxd4 15. exd4 Qa8 16. Rde1 Ng6 17. Nxg6 hxg6 18. Bxg6 fxg6 19. Qxe6+ Rcf7 20. Qxd6 dxc4 21. bxc4 Bxg2 22. Rf2 Bh3 23. d5 Qc8 24. Rf3 Rd8 25. Qb4 Nh5 26. f5 Rxf5 27. Qc3 Rxf3 28. Qxf3 Rf8 29. Qe4 Nf4 30. Nf1 Qc5+ 31. Ne3 Qa5 32. Rd1 Qa4 33. Re1 Qa5 34. Rd1 Qa4 35. Re1 Qd7 36. Bd4 g5 37. Bc3 Re8 38. Qd4 Qf7 39. d6 Bd7 40. Qd2 Bc6 41. Nd5 Rxe1+ 42. Qxe1 Bxd5 43. cxd5 Qxd5 44. Qd2 Qf3 45. h3 Ne2+ 0-1

[Event "4th GRENKE Open 2019"]
[Site "Karlsruhe"]
[Date "2019.04.18"]
[Round "1.49"]
[White "Dragnev, Valentin"]
[Black "Neumair, Jerome"]
[Result "1-0"]
[WhiteElo "2514"]
[BlackElo "2123"]
[Annotator "ChessBase"]
[PlyCount "103"]
[EventDate "2019.04.18"]
[EventType "swiss"]
[EventCountry "GER"]
[SourceTitle "playchess.com"]
[Source "ChessBase"]
[SourceQuality "1"]

1. d4 e6 2. c4 d5 3. g3 Nf6 4. Bg2 Be7 5. Nf3 O-O 6. O-O dxc4 7. Qc2 a6 8. a4 Bd7 9. Rd1 Bc6 10. Nc3 a5 11. e4 Na6 12. Ne5 Nb4 13. Qe2 Nd3 14. Nxc4 Nxc1 15. Raxc1 Bb4 16. Ne5 Be8 17. Qc4 Nd7 18. Nxd7 Qxd7 19. Na2 Qxa4 20. Nxb4 axb4 21. Qxc7 Bc6 22. d5 Rac8 23. Qb6 Qb5 24. Qxb5 Bxb5 25. e5 exd5 26. Bxd5 Bc6 27. Bxc6 Rxc6 28. Rb1 Rfc8 29. Rd7 R6c7 30. Rxc7 Rxc7 31. Rd1 Kf8 32. Rd4 b3 33. Rd3 h5 34. Rxb3 g6 35. Rb6 Ke7 36. Kg2 Kd7 37. Kf3 Ke7 38. Kf4 Kf8 39. Kg5 Kg7 40. f4 Re7 41. b4 Rc7 42. b5 Re7 43. Rd6 Rc7 44. b6 Re7 45. h3 Kf8 46. Kf6 Re8 47. e6 fxe6 48. Rd7 g5 49. Rxb7 h4 50. Rf7+ Kg8 51. Rg7+ Kf8 52. Rxg5 1-0

[Event "4th GRENKE Open 2019"]
[Site "Karlsruhe"]
[Date "2019.04.18"]
[Round "1.50"]
[White "Jaeschke, Benno"]
[Black "Studer, Noel"]
[Result "0-1"]
[WhiteElo "2121"]
[BlackElo "2514"]
[Annotator "ChessBase"]
[PlyCount "62"]
[EventDate "2019.04.18"]
[EventType "swiss"]
[EventCountry "GER"]
[SourceTitle "playchess.com"]
[Source "ChessBase"]
[SourceQuality "1"]

1. d4 Nf6 2. c4 e6 3. Nf3 d5 4. Nc3 Nbd7 5. e3 a6 6. a4 b6 7. cxd5 exd5 8. Be2 Bd6 9. O-O Bb7 10. b3 Qe7 11. Bb2 O-O 12. h3 Rfe8 13. Qc2 Rac8 14. Rac1 Ne4 15. Nxe4 dxe4 16. Nd2 c5 17. Qb1 Bb8 18. Rfd1 Rc6 19. Nf1 Rg6 20. Qc2 Qh4 21. Bg4 Nf6 22. g3 Nxg4 23. gxh4 Nxe3+ 24. Ng3 Nxc2 25. h5 Rg5 26. h4 Rg4 27. Rxc2 e3 28. Kf1 exf2 29. Ne2 Rxh4 30. Rcd2 Bf3 31. dxc5 Rhe4 0-1

[Event "4th GRENKE Open 2019"]
[Site "Karlsruhe"]
[Date "2019.04.18"]
[Round "1.51"]
[White "Sanal, Vahap"]
[Black "Klaus, Christian"]
[Result "1-0"]
[WhiteElo "2513"]
[BlackElo "2121"]
[Annotator "ChessBase"]
[PlyCount "89"]
[EventDate "2019.04.18"]
[EventType "swiss"]
[EventCountry "GER"]
[SourceTitle "playchess.com"]
[Source "ChessBase"]
[SourceQuality "1"]

1. e4 g6 2. d4 Bg7 3. Nf3 d6 4. Bd3 e5 5. c3 Nc6 6. Be3 Nf6 7. O-O O-O 8. Nbd2 d5 9. Bg5 h6 10. Bxf6 Bxf6 11. exd5 Qxd5 12. Be4 Qb5 13. Bxc6 bxc6 14. dxe5 Bxe5 15. c4 Qc5 16. b4 Qd6 17. c5 Qd5 18. Nxe5 Qxe5 19. Re1 Qd4 20. Re4 Qd3 21. Re3 Qd4 22. Ne4 Qxd1+ 23. Rxd1 Be6 24. a3 a5 25. bxa5 Rxa5 26. Rc3 Rb8 27. f3 Rbb5 28. Rdc1 Rb3 29. Rxb3 Bxb3 30. Ra1 f5 31. Nd2 Ba4 32. Rc1 Kf7 33. Kf2 Ke6 34. Nb1 Bb3 35. Re1+ Kd5 36. Re3 Bc4 37. Nd2 Rxc5 38. Re7 Ra5 39. Re5+ Kxe5 40. Nxc4+ Kd4 41. Nxa5 c5 42. Ke2 Kc3 43. Kd1 Kb2 44. Kd2 Kxa3 45. Kc3 1-0